Beschaffungsmarketing und Materialwirtdchaft : Einkaufmärkte erforschen und gestalten. Band 12 /

Uložené v:
Podrobná bibliografia
Hlavní autori: Harlander, Norbert A (Autor), Platz, Gerhard (Autor)
Médium: Kniha
Jazyk:German
Vydavateľské údaje: Ehningen, 1991
Vydanie:5.Auflage
Predmet:
Tagy: Pridať tag
Žiadne tagy, Buďte prvý, kto otaguje tento záznam!

MARC

LEADER 00000nam a22000003a 4500
001 stu38980
005 20150617225723.5
008 921209s1991----gw------------------ger-d
020 |a 3-88508-702-2 
040 |a STU  |b slo 
041 0 |a ger 
044 |a gw 
080 |a 658.8 
100 1 |a Harlander, Norbert A  |4 aut 
245 1 |a Beschaffungsmarketing und Materialwirtdchaft :  |b Einkaufmärkte erforschen und gestalten. Band 12 /  |c [aut.]Norbert A. Harlander, Gerhard Platz 
250 |a 5.Auflage 
260 |a Ehningen,  |c 1991 
300 |a 263 s 
650 7 |a marketing  |2 estusub 
650 7 |a zabezpečenie  |2 stusub 
700 1 |a Platz, Gerhard  |4 aut 
996 |b 284M023298  |c M*8188-1  |l MMKN  |s A  |a 24  |w stu38980_0001